000 00485nam a2200193Ia 4500
003 OSt
005 20230904160605.0
008 210210b1998 xxu||||| |||| 00| 0 eng d
040 _cAL
041 _aEnglish
082 _a032.02 MANO
100 _aMANORAMA YEAR BOOK.
_9132598
245 _aManorama year book 1998. Ed 33.
260 _aKerala.
_bManorama publishing House.,
_c1998
300 _a800
690 _aGeneral Knowledge
_9132599
906 _a052744
942 _2ddc
_cBK
999 _c101008
_d101008